[Event "Porto Alegre U2400 op 2nd"]
[Site "Porto Alegre"]
[Date "2024.07.27"]
[Round "3"]
[White "Bertazzo Filho, Jose Inacio"]
[Black "Kortmann, Pedro Reck"]
[Result "1-0"]
[WhiteElo "1800"]
[BlackElo "1578"]
[PlyCount "123"]
[EventDate "2024.07.26"]
[EventType "swiss"]
[EventRounds "5"]
[EventCountry "BRA"]
[SourceTitle "EXT 2025"]
[Source "ChessBase"]
[SourceDate "2024.10.14"]
[SourceVersion "1"]
[SourceVersionDate "2024.10.14"]
[SourceQuality "1"]

1. e4 c5 2. Nf3 e6 3. Nc3 Nc6 4. Bb5 d6 5. d3 Bd7 6. 0-0 Be7 7. Bf4 g5 8. Bg3 h5 9. h3 g4 10. hxg4 hxg4 11. Nh2 Nf6 12. Nxg4 Nxg4 13. Qxg4 e5 14. Qe2 Bh4 15. Qf3 Nd4 16. Bxd7+ Qxd7 17. Qd1 0-0-0 18. Ne2 Nxe2+ 19. Qxe2 Rh7 20. Bxh4 Rxh4 21. f3 Qb5 22. b3 Qb6 23. c4 Rdh8 24. Kf2 Rf4 25. Rh1 Rg8 26. Rh2 Qd8 27. Rah1 Qg5 28. Ke1 Qg3+ 29. Kd1 Qg7 30. Rg1 Qg3 31. Rgh1 Qg7 32. Qd2 b6 33. b4 Kb7 34. bxc5 dxc5 35. a4 Rd8 36. Rh7 Qg8 37. Rh8 Qxh8 38. Rxh8 Rxh8 39. Kc2 Rh2 40. Kc3 Rf6 41. Qg5 Rg6 42. Qxe5 Rgxg2 43. d4 Ra2 44. dxc5 Ra3+ 45. Kb4 Rha2 46. Qe7+ Ka6 47. Qd7 Rxa4+ 48. Qxa4+ Rxa4+ 49. Kxa4 bxc5 50. e5 Kb6 51. f4 Kc6 52. f5 Kb6 53. e6 fxe6 54. f6 e5 55. f7 e4 56. f8Q e3 57. Qe7 a5 58. Qxe3 Kc6 59. Kxa5 Kb7 60. Qe6 Ka7 61. Qe7+ Ka8 62. Kb6 1-0